Geography Quiz

Random Geography or Art Quiz

Picture Click: Landmark by Latte Art Quiz Stats

 Plays Quiz not verified by Sporcle

Support Sporcle.
Go Orange.
Score 0/12 Timer 04:00
0 Plays Today
% Correct
Taj Mahal
97.4%
Eiffel Tower
97.2%
Mount Fuji
97%
Leaning Tower of Pisa
96.7%
Big Ben
96.2%
Colosseum
95.9%
Golden Gate Bridge
95.6%
Sydney Opera House
95.6%
Gateway Arch
94.6%
CN Tower
90.5%
Burj Khalifa
88.7%
Sydney Harbour Bridge
88%

You're not logged in!

Compare scores with friends on all Sporcle quizzes.
OR
Log In

From the Vault

America's Next Top Model Contestants

by bluegingham

We sort of prefer Tyra on old episodes of the Fresh Prince.
Remove Ads.
Support Sporcle.
Get the best of Sporcle when you Go Orange. This ad-free experience offers more features, more stats, and more fun while also helping to support Sporcle. Thank you for becoming a member.

Show Comments

Extras

Top Quizzes Today


Score Distribution

Your Account Isn't Verified!

In order to create a playlist on Sporcle, you need to verify the email address you used during registration. Go to your Sporcle Settings to finish the process.

Report this User

Report this user for behavior that violates our Community Guidelines.

Details: